| 000 | 00935nam a2200241 4500 | ||
|---|---|---|---|
| 003 | URS | ||
| 005 | 20230411093756.0 | ||
| 008 | 170302b xxu||||| |||| 00| 0 eng d | ||
| 020 | _a060061557X | ||
| 040 | _aURS | ||
| 041 | _aeng | ||
| 050 | 0 | 0 |
_aAG 243 _b.As31 2006 |
| 100 | 1 |
_aAsh, Russell _eauthor |
|
| 245 |
_aThe Top 10 of everything 2007 _cRussell Ash |
||
| 250 | _a1st American edition | ||
| 264 | 1 |
_aBath : Hamlyn ; New York _bDistributed in the U.S. and Canada by Sterling Publishing _c©2006 |
|
| 300 |
_a256 pages : _billustrations (some colour) ; _c28 cm |
||
| 504 | _aIncludes bibliographical references and index. | ||
| 505 | _aThe universe & the earth -- Life on earth -- The human world -- Town & country -- Culture -- Music -- Stage & screen -- Commercial world -- Transportation & tourism -- Sports. | ||
| 650 | 0 | _aCuriosities and wonders. | |
| 650 | 0 | _aWorld records -- Miscellanea. | |
| 942 |
_2lcc _cREF |
||
| 999 |
_c69168 _d69167 |
||